000 00341nam a22001337a 4500
008 250702b |||||||| |||| 00| 0 eng d
020 _a0312236646
050 _aHD2326
_b.S39
100 _aSAWYER C. Malcom
245 _aThe Economics of Industries and Firms.
260 _aNew York
_bSt. Martins Press
_c1981
300 _a287p.
942 _cBK
999 _c4046
_d4046